| 000 | 00000nam##2200000za#4500 |
| 001 | 9.578635 |
| 003 | CaOODSP |
| 005 | 20210624190200 |
| 007 | cr ||||||||||| |
| 008 | 150406|2005||||xxc|||||o f|0| 0 eng|d |
| 040 | |aCaOODSP|beng |
| 043 | |an-cn--- |
| 086 | 1 |aFs3-4/2005-01E-PDF |
| 110 | 1 |aCanada. |bDepartment of Fisheries and Oceans. |
| 245 | 10|aProceedings of the Transboundary Resources Assessment Committee (TRAC) benchmark review of stock assessment models for the Georges Bank yellowtail flounder stock : |h[electronic resource]|bWoods Hole, Massachusetts, 25–26 January 2005 and 26–29 April 2005 / |cS. Gavaris, R. O'Boyle, and W. Overholtz, TRAC co-chairs. |
| 260 | |aOttawa - Ontario : |bFisheries and Oceans Canada |cJune 2005. |
| 300 | |a40p.|breferences, tables |
| 490 | 1 |aTransboundary Resource Assessment Committee proceedings|v2005/01 |
| 546 | |a(Résumé et avant-propos en français) |
| 590 | |a14-10-Supp|b2014-05-08 |
| 830 | #0|aTransboundary Resource Assessment Committee proceedings ;|v2005/01|w(CaOODSP)9.507741 |
| 856 | 40|ahttp://publications.gc.ca|qPDF|s258 KB|uhttps://publications.gc.ca/collections/collection_2014/mpo-dfo/Fs3-4-2005-01-eng.pdf|y2005/01 |